• 首页
  • 本馆介绍
  • 公告通知
  • 最新文献
  • 馆藏检索
  • 电子资源
  • 读者导购
  • 参考咨询
  • 我的图书馆
  • 登录
  • 详细信息显示
  • 放入我的书架
  • 预约/预借图书
  • 作者相关作品
  • 分类相关作品
  • 丛书相关作品
  • 出版社相关作品

书目信息

  • 表格格式
  • 工作单格式
  • 卡片格式
题名:
蒲宁与纳博科夫:一生的较量
    
 
作者: 施拉耶尔 著 ;王方 译
分册:  
出版信息: 哈尔滨   黑龙江教育出版社  2016
页数: 197页
开本: 23cm
丛书名:
单 册:
中图分类: K835.125.6=532 , K837.125.6=534 , K835.125
科图分类:
主题词:
电子资源:
ISBN: 978-7-5316-8666-8
000 01431nam0 2200277 450
001 2368271924
005 20231209212535.53
010    @a978-7-5316-8666-8@b精装@dCNY42.00
100    @a20160426d2016 em y0chiy50 ea
101 1  @achi@ceng
102    @aCN@b230000
105    @aa z 000yd
200 1  @a蒲宁与纳博科夫:一生的较量@Apu ning yu na bo ke fu: yi sheng de jiao liang@f(美)马克西姆·Д.施拉耶尔(Maxim D. Shrayer)著@g王方译
210    @a哈尔滨@c黑龙江教育出版社@d2016
215    @a197页@c图,照片@d23cm
300    @a大使馆11
330    @a伊凡·蒲宁(1870年-1953年),是第一位获得诺贝尔文学奖的俄罗斯作家。主要作品有《落叶》《松树》《新路》《乡村》等。1933年其作品《米佳的爱》获诺贝尔文学奖。弗拉基米尔?纳博科夫(1899年-1977年)是一名俄裔美籍作家,他在美国创作了他的文学作品《洛丽塔》,是在二十世纪受到关注并且获得极大荣誉的一部小说。他们是生活于同一时期的人,同样是流亡同胞。他们俩都是艺术天才,纳博科夫和蒲宁是传统的自由主义者。在这本新作中,作者将这些作家将复杂的文学关系与个人关系娓娓呈现。
600  0 @a蒲宁@c(Bunin, Ivan@f1870-1953)@x人物研究
600  0 @a纳博科夫@c(Nabokov, Vladimir@f1899-1977)@x小说研究
690    @aK835.125.6=532@v5
690    @aK837.125.6=534@v5
690    @aK835.125@v4
701  0 @c(美)@a施拉耶尔@Ashi la ye er@c(Shrayer, Maxim D.@f1967~)@4著
702  0 @a王方@Awang fang@c(女,@f198?~)@4译
801  0 @aCN@b大连网信软件有限公司图书馆·11@c20231016
905    @aZUCC@dK835.125@e1
    
    蒲宁与纳博科夫:一生的较量/(美)马克西姆·Д.施拉耶尔(Maxim D. Shrayer)著/王方译.-哈尔滨:黑龙江教育出版社,2016
    197页:图,照片;23cm
    大使馆11
    
    ISBN 978-7-5316-8666-8(精装):CNY42.00
    伊凡·蒲宁(1870年-1953年),是第一位获得诺贝尔文学奖的俄罗斯作家。主要作品有《落叶》《松树》《新路》《乡村》等。1933年其作品《米佳的爱》获诺贝尔文学奖。弗拉基米尔?纳博科夫(1899年-1977年)是一名俄裔美籍作家,他在美国创作了他的文学作品《洛丽塔》,是在二十世纪受到关注并且获得极大荣誉的一部小说。他们是生活于同一时期的人,同样是流亡同胞。他们俩都是艺术天才,纳博科夫和蒲宁是传统的自由主义者。在这本新作中,作者将这些作家将复杂的文学关系与个人关系娓娓呈现。
●
相关链接 在五车中查询图书 在当当中查询图书 在豆瓣中查询图书


正题名:蒲宁与纳博科夫:一生的较量     索取号:K835.125/1         预约/预借

序号 登录号 条形码 馆藏地/架位号 状态 备注
1 2001056763   2001056763   315书库/四31架A面1层5列/ [索取号:K835.125/1] 在馆    
2 2001056764   2001056764   315书库/四31架A面1层5列/ [索取号:K835.125/1] 在馆    
3 2001056765   2001056765   315书库/四31架A面1层5列/ [索取号:K835.125/1] 在馆    
4 2001056766   2001056766   315书库/四31架A面1层5列/ [索取号:K835.125/1] 在馆    
5 2001056767   2001056767   315书库/四31架A面1层5列/ [索取号:K835.125/1] 在馆    
6 2001056768   2001056768   315书库/四31架A面1层5列/ [索取号:K835.125/1] 在馆    
山东省滨州职业学院图书馆 欢迎您!
大连网信软件有限公司© 版权所有